000
00343nam a22001097a 4500
082
_a
891.433/TIW/N
100
_a
टिवाणा दलीप कौर
_9
64413
245
_a
कथा कहो उर्वशी
260
_a
हैदराबाद
_b
सारांश
_c
2001
650
_a
उपन्यास
_9
80787
942
_c
BK
999
_c
63826
_d
63826